000 00428nam a2200133Ia 4500
008 100328s9999 xx 000 0 und d
082 _b8175
100 _aत्रिलोकेकर खंडेराव सदाशिव
245 _aकवितासंग्रह
260 _bसाहित्य
630 _aकवितासंग्रह
730 _aकवितासंग्रह
942 _cBOOK
999 _c503967
_d503964